Η αυτοκρατορία του βαμβακιού : μια παγκόσμια ιστορία

Αποθηκεύτηκε σε:
Λεπτομέρειες βιβλιογραφικής εγγραφής
Κύριος συγγραφέας: Beckert, Sven
Μορφή: Βιβλίο
Γλώσσα:Greek
English
Δημοσίευση: Ηράκλειο : Πανεπιστημιακές Εκδόσεις Κρήτης, c2022.
Σειρά:Ιστορία και κοινωνία (Πανεπιστημιακές Εκδόσεις Κρήτης)
Θέματα:
Ετικέτες: Προσθήκη ετικέτας
Δεν υπάρχουν, Καταχωρήστε ετικέτα πρώτοι!

MARC

LEADER 00000nam a2200000 a 4500
001 1/125902
008 230118s2022####gr a ||| |||| ||gre||
020 |a 9789605248703  
040 |a GR-MyUa  |b gre  |c GR-MyUa  |e AACR2 
041 1 |a gre  |h eng 
082 7 |a 338.4767721   |2 (23) 
100 1 |a Beckert, Sven. 
245 1 2 |a Η αυτοκρατορία του βαμβακιού :   |b μια παγκόσμια ιστορία /   |c Sven Beckert ; μετάφραση Πελαγία Μαρκέτου.  
260 |a Ηράκλειο :   |b Πανεπιστημιακές Εκδόσεις Κρήτης,   |c c2022.  
300 |a 815 σ. :   |b εικ.,   |c 24 εκ.  
490 1 |a (Ιστορία και κοινωνία)  
500 |a Τίτλος πρωτοτύπου Empire of cotton : a global history.  
504 |a Ευρετήριο: σ. 791-815.  
650 0 |a Cotton textile industry  |x History. 
650 0 |a Cotton trade  |x History. 
650 0 |a Cotton plantation workers  |x History. 
650 0 |a Slavery  |x Economic aspects. 
650 0 |a Slaves. 
650 0 |a Textile workers. 
650 0 |a Capitalism  |x History. 
650 0 |a Labor  |x History. 
830 0 |a Ιστορία και κοινωνία (Πανεπιστημιακές Εκδόσεις Κρήτης) 
852 |a INST  |b LESVOS  |c EUDOXUS  |e 20230118  |h 338.4767721 BEC  |p 005100064882  |q 005100064882  |t EDX  |y 0 
920 |a Εύδοξος  |b Παραγγελία  |y Λέσβος-ΤΚΑΙ  |z 2023-01 
970 |a Καμάτσου  |b Δέσποινα  |z 18-01-2023